Регионална библиотека "Любен Каравелов" - Русе

Мери : раждането на Франкенщайн (Запис номер 505966)

MARC детайли
000 -Лидер
Контролно поле с фиксирана дължина 01100nam a2200265 a 4500
003 - Код на организацията, давaща контролен номер
Контролно поле BLK
005 - Дата и час на последна редакция
Контролно поле 20250505131231.0
008 - Елементи от данни с фиксирана дължина
fixed length control field 181110b bu ||||| |||| 00| 0 bu d
020 ## - Международен стандартен номер на книга ISBN
Международен стандартен номер на книга ISBN 9786190213604
040 ## - Източник на каталожния запис
Идентификатор на билиотеката - собственик на записа BLK
041 ## - Код за език
Код за езика на текст/звукозапис или на отделно заглавие Български
Код за езика КДБФ Български
080 ## - УДК
Текстов определител УДК Холандска (нидерландска, фламандска) литература
УДК код - определител по УДК 821.112.5
УДК - код + определител 821.112.5-312.6
100 ## - Редна дума - Автор
R(LIN) 491632
Автор Ейкхаут, Ане
139 ## - Редно поле
Редна дума ейк
Авторски знак Еи - Е 39
245 ## - Сведения за заглавието
Заглавие Мери : раждането на Франкенщайн
Редно поле (дума) Ане Ейкхаут ; прев. от нидерл. Мария Енчева
260 ## - Област на издателските данни
9 (RLIN) 209486
Място на издаване, разпространение и проч. София
Име на издателя, разпространителя и проч. Колибри
Година на издаване 2023
300 ## - Физическа характеристика
Страници 342 с.
Размери/Мащаб 20 см
380 ## - Жанр
Жанр Худож. лит.
500 ## - Общи забележки
Забележка Ориг. загл.: Mary / Anne Eekhout<br/>Биогр. данни за авт. отбелязани на гърба на кор.
700 ## - Други автори (авторска отговорност)
9 (RLIN) 1104
Лично име Енчева, Мария Генчева
Автороска отговорност (Описва отношението между автора и произведението) прев. от нидерл.
852 ## - Местоположение
Форматна сигнатура Цб 322272
Фондова буква Хранилище
942 ## - АРТИКУЛИ
Вид на библиотечния материал Книги
Скрит в OPAC Не
Koha issues (borrowed), all copies 5
944 ## - СЪЗДАВАНЕ И РЕДАКЦИЯ на ЗАПИСА
Дата на регистрацията/редакция Нора Радева
Служител, извършил регистрацията/редакцията 30534
Статус, дата на статуса Радостина Карадакова
999 ## - СИСТЕМНИ КОНТРОЛНИ НОМЕРА
Koha biblionumber 505966
Koha biblioitemnumber 505966
999 ## - СИСТЕМНИ КОНТРОЛНИ НОМЕРА
Koha biblioitemnumber 505966
Наличности
Код за отписване Код за изгубен артикул Източник на класификационната схема Код за повреда Коз за рестрикции Код за отдаване Артикулен № Име на библиотеката - собственик Име на библиотеката, в която се намира в момента Статус (Текущо местоположение) Дата на вписване в системата Местоположение - отдел Цена в лева Инвентарен номер Систематично азбучна сигнатура Баркод Цена в евро Служебен тип на артикула
  Не е изгубен Universal Decimal Classification Не е повреден само за читалня ползва се в читалня 941453 Регионална библиотека "Любен Каравелов" Русе Регионална библиотека "Любен Каравелов" Русе Хранилище 2024-03-18 Хранилище 22.00 120000900480 Цб 322272 120000900480 11.25 Книги
  Не е изгубен Universal Decimal Classification Не е повреден   заемане за дома 942172 Регионална библиотека "Любен Каравелов" Русе Регионална библиотека "Любен Каравелов" Русе Заемна - подръчен фонд 2024-04-09 Заемна - подръчен фонд 14.30 120000901200 821-31/Е 39 А 120000901200 7.31 Книги
Vip Innovations Ltd, Rousse, Bulgaria 2025